ბათუმის შოთა რუსთაველის სახელმწიფო უნივერსიტეტის ბიბლიოთეკა

ნიადაგის დამულჩვის თეორიული და პრაქტიკული საკითხები მევენახეობაში. (ბიბ.ჩანაწერი № 44665)

000 -LEADER
fixed length control field 00976nam a2200217Ia 4500
001 - CONTROL NUMBER
control field 11468
003 - CONTROL NUMBER IDENTIFIER
control field GE_BSU
008 - FIXED-LENGTH DATA ELEMENTS--GENERAL INFORMATION
fixed length control field 181216s||||||||xx |||||||||||||| ||und||
040 ## - CATALOGING SOURCE
Transcribing agency GE_BSU
080 ## - UNIVERSAL DECIMAL CLASSIFICATION NUMBER
Universal Decimal Classification number 634.8
100 ## - MAIN ENTRY--PERSONAL NAME
Personal name გოგოლიშვილი,მ.
245 ## - TITLE STATEMENT
Title ნიადაგის დამულჩვის თეორიული და პრაქტიკული საკითხები მევენახეობაში.
245 ## - TITLE STATEMENT
Remainder of title რედ:მ.შუბლაძე;მხატვ:ვ.ავსაჯანიშვილი.
260 ## - PUBLICATION, DISTRIBUTION, ETC.
Place of publication, distribution, etc. ბათუმი
260 ## - PUBLICATION, DISTRIBUTION, ETC.
Name of publisher, distributor, etc. საბჭოთა საქართველო.
260 ## - PUBLICATION, DISTRIBUTION, ETC.
Date of publication, distribution, etc. 1963.
300 ## - PHYSICAL DESCRIPTION
Extent 218გვ;22სმ.
300 ## - PHYSICAL DESCRIPTION
Accompanying material ილ;ცხრ.
653 ## - INDEX TERM--UNCONTROLLED
Uncontrolled term ნიადაგის დამულჩვის თეორიული და პრაქტიკული საკითხები მევენახეობაში.
942 ## - ADDED ENTRY ELEMENTS (KOHA)
Koha item type წიგნი

არაა ხელმისაწვდომი ეგზემპლარები.